[Event "Titled Tuesday intern op 23rd May Early"]
[Site "Chess.com INT"]
[Date "2023.05.23"]
[Round "8"]
[White "Aalto, Patrik"]
[Black "Nikologorskiy, Konstantin"]
[Result "0-1"]
[WhiteElo "2226"]
[BlackElo "2413"]
[PlyCount "90"]
[EventDate "2023.05.23"]
[EventType "swiss (blitz)"]
[EventRounds "11"]
[EventCountry "USA"]
[SourceTitle "CBM 214 Extra"]
[Source "ChessBase"]
[SourceDate "2023.07.31"]
[SourceVersion "1"]
[SourceVersionDate "2023.07.31"]
[SourceQuality "1"]

1. d4 Nf6 2. c4 e6 3. g3 Be7 4. Bg2 0-0 5. Nf3 d5 6. 0-0 dxc4 7. Qc2 a6 8. a4 Bd7 9. Qxc4 Bc6 10. Bf4 Bd5 11. Qc2 Be4 12. Qc1 Nc6 13. Nbd2 Bd5 14. Qc2 Nb4 15. Qd1 Rc8 16. Rc1 c5 17. dxc5 Rxc5 18. Nb3 Rxc1 19. Nxc1 Qb6 20. Be3 Bc5 21. Bxc5 Qxc5 22. Nd3 Nxd3 23. Qxd3 Rc8 24. Nd2 Bxg2 25. Kxg2 Qc6+ 26. Qf3 Kf8 27. Qxc6 Rxc6 28. Rd1 Rc2 29. b3 Nd5 30. Kf3 Nc3 31. Re1 Rxd2 32. Rc1 Nd5 33. e4 Nf6 34. Rc7 Rd3+ 35. Ke2 Rxb3 36. e5 Nd5 37. Rc8+ Ke7 38. Rh8 h6 39. f4 g6 40. h4 b5 41. axb5 axb5 42. Rxh6 Rxg3 43. h5 gxh5 44. Rxh5 Nxf4+ 45. Kf2 Nxh5 0-1

[Event "Titled Tuesday intern op 23rd May Early"]
[Site "Chess.com INT"]
[Date "2023.05.23"]
[Round "1"]
[White "Estremera Panos, Sergio"]
[Black "Nikologorskiy, Konstantin"]
[Result "1-0"]
[WhiteElo "2275"]
[BlackElo "2413"]
[PlyCount "134"]
[EventDate "2023.05.23"]
[EventType "swiss (blitz)"]
[EventRounds "11"]
[EventCountry "USA"]
[SourceTitle "CBM 214 Extra"]
[Source "ChessBase"]
[SourceDate "2023.07.31"]
[SourceVersion "1"]
[SourceVersionDate "2023.07.31"]
[SourceQuality "1"]

1. d4 Nf6 2. c4 e6 3. Nc3 Bb4 4. e3 0-0 5. Bd3 d5 6. a3 Bd6 7. c5 Be7 8. b4 b6 9. Nf3 a5 10. Bd2 c6 11. 0-0 Ba6 12. Qe2 Bxd3 13. Qxd3 Nbd7 14. Rfb1 Qc7 15. h3 bxc5 16. bxc5 e5 17. Qc2 e4 18. Ne1 Nh5 19. Rb3 f5 20. Rab1 Rab8 21. Qb2 f4 22. Rb7 fxe3 23. Bxe3 Qc8 24. Na4 Nf4 25. Rxb8 Qxb8 26. Qxb8 Ne2+ 27. Kf1 Nxb8 28. Kxe2 Nd7 29. Rb7 Rd8 30. Nb6 Nxb6 31. cxb6 Bxa3 32. Ra7 Bb4 33. b7 Rb8 34. Ra8 Bd6 35. g3 Kf7 36. Rxb8 Bxb8 37. Bf4 Ba7 38. b8Q Bxb8 39. Bxb8 Ke6 40. Ba7 g6 41. Bc5 Kd7 42. Nc2 Kc7 43. f3 Kb7 44. fxe4 dxe4 45. Ke3 Ka6 46. Kxe4 Kb5 47. Ke5 Kc4 48. Na3+ Kd3 49. Kd6 Ke4 50. Kxc6 Kf3 51. d5 Kxg3 52. d6 Kxh3 53. d7 g5 54. d8Q g4 55. Qh8 g3 56. Qxh7+ Kg2 57. Qe4+ Kh2 58. Qe2+ Kh3 59. Qf1+ g2 60. Qg1 a4 61. Kd5 Kg3 62. Ke4 Kh3 63. Kf3 Kh4 64. Qxg2 Kh5 65. Kf4 Kh6 66. Kf5 Kh7 67. Kf6 Kh8 1-0

[Event "Titled Tuesday intern op 23rd May Early"]
[Site "Chess.com INT"]
[Date "2023.05.23"]
[Round "11"]
[White "Nikologorskiy, Konstantin"]
[Black "Yurasova, Daria"]
[Result "0-1"]
[WhiteElo "2413"]
[BlackElo "2095"]
[PlyCount "89"]
[EventDate "2023.05.23"]
[EventType "swiss (blitz)"]
[EventRounds "11"]
[EventCountry "USA"]
[SourceTitle "CBM 214 Extra"]
[Source "ChessBase"]
[SourceDate "2023.07.31"]
[SourceVersion "1"]
[SourceVersionDate "2023.07.31"]
[SourceQuality "1"]

1. d4 d5 2. c4 dxc4 3. Nf3 Nf6 4. e3 e6 5. Bxc4 a6 6. a4 Nc6 7. 0-0 Be7 8. Nc3 Nb4 9. Qe2 0-0 10. Rd1 b6 11. e4 Bb7 12. e5 Nfd5 13. Ne4 h6 14. h3 a5 15. Nh2 Ba6 16. Bxa6 Nxa6 17. Rd3 Kh7 18. Rg3 c5 19. Rxg7+ Kxg7 20. Qg4+ Kh7 21. Qh5 f5 22. Qxh6+ Kg8 23. Qg6+ Kh8 24. Qh6+ Kg8 25. Qxe6+ Rf7 26. Ng3 Nac7 27. Qg6+ Rg7 28. Qxf5 Qf8 29. Qh5 Qf7 30. Qe2 Ne6 31. Ng4 Nxd4 32. Qe4 Qe6 33. Nh6+ Kh8 34. Ra3 Rf8 35. Nh5 Qg6 36. Qxg6 Rxg6 37. Ng4 Ne2+ 38. Kh2 Nxc1 39. Ra2 Nxa2 40. f3 Nab4 41. Kg3 Nd3 42. h4 Nxe5 43. Nf4 Nxf4 44. b4 Nxg4 45. bxc5 0-1

[Event "Titled Tuesday intern op 23rd May Early"]
[Site "Chess.com INT"]
[Date "2023.05.23"]
[Round "2"]
[White "Nikologorskiy, Konstantin"]
[Black "Zgadzaj, Rafal"]
[Result "1-0"]
[WhiteElo "2413"]
[BlackElo "1994"]
[PlyCount "61"]
[EventDate "2023.05.23"]
[EventType "swiss (blitz)"]
[EventRounds "11"]
[EventCountry "USA"]
[SourceTitle "CBM 214 Extra"]
[Source "ChessBase"]
[SourceDate "2023.07.31"]
[SourceVersion "1"]
[SourceVersionDate "2023.07.31"]
[SourceQuality "1"]

1. d4 d6 2. c4 c6 3. Nf3 Qc7 4. Nc3 f5 5. e4 fxe4 6. Nxe4 Nf6 7. Nxf6+ exf6 8. Bd3 Bg4 9. 0-0 Be7 10. Re1 0-0 11. Qc2 Bxf3 12. Bxh7+ Kh8 13. gxf3 f5 14. Bxf5 Bf6 15. Bg6 Qd7 16. Qe4 Na6 17. Be3 Qh3 18. Qg4 Qh4 19. Kg2 Nc7 20. Re2 d5 21. c5 Nb5 22. Rd1 Rad8 23. a4 Nc7 24. Rde1 b6 25. Bf4 Na6 26. Bd6 Qxg4+ 27. fxg4 Bxd4 28. Bxf8 Rxf8 29. Re8 Kg8 30. Rxf8+ Kxf8 31. Re8# 1-0

[Event "Titled Tuesday intern op 23rd May Early"]
[Site "Chess.com INT"]
[Date "2023.05.23"]
[Round "3"]
[White "Vargas, Gabriela"]
[Black "Nikologorskiy, Konstantin"]
[Result "1/2-1/2"]
[WhiteElo "2071"]
[BlackElo "2413"]
[PlyCount "139"]
[EventDate "2023.05.23"]
[EventType "swiss (blitz)"]
[EventRounds "11"]
[EventCountry "USA"]
[SourceTitle "CBM 214 Extra"]
[Source "ChessBase"]
[SourceDate "2023.07.31"]
[SourceVersion "1"]
[SourceVersionDate "2023.07.31"]
[SourceQuality "1"]

1. d4 Nf6 2. Nf3 e6 3. Bg5 d5 4. Nbd2 Be7 5. e3 0-0 6. Bd3 c5 7. c3 b6 8. 0-0 Ba6 9. Bxa6 Nxa6 10. Ne5 Nc7 11. f4 b5 12. Nc6 Qd6 13. Nxe7+ Qxe7 14. Nf3 Qd6 15. dxc5 Qxc5 16. Qd4 Qxd4 17. cxd4 Ne4 18. Rac1 Rfc8 19. Rc6 Ne8 20. Rfc1 N8d6 21. b3 f6 22. Bh4 Rxc6 23. Rxc6 Rc8 24. Rxc8+ Nxc8 25. Be1 Ncd6 26. Bb4 Nf5 27. Bc5 Nxe3 28. Ne1 a6 29. Nd3 Nc3 30. Nb4 a5 31. Nc6 Nxa2 32. Nxa5 Nc1 33. b4 Nc2 34. Nb7 Nd3 35. Nd6 Nxf4 36. Nxb5 Nd3 37. Nc7 Ndxb4 38. Bxb4 Nxb4 39. Nxe6 Kf7 40. Nf4 g5 41. Ne2 Nc2 42. Kf2 Ke6 43. Kf3 Ne1+ 44. Kf2 Nc2 45. g4 h5 46. gxh5 Kf7 47. Kf3 f5 48. h4 Kf6 49. h6 gxh4 50. Kf4 Kg6 51. Ke5 Ne3 52. Nf4+ Kxh6 53. Kf6 Kh7 54. Kg5 Nc2 55. Ne2 h3 56. Kxf5 h2 57. Ng3 Nxd4+ 58. Ke5 Ne2 59. Nh1 d4 60. Ke4 Kg6 61. Kd3 Kf5 62. Kxe2 Ke4 63. Ng3+ Kf4 64. Nh1 Ke4 65. Ng3+ Kf4 66. Nh1 Kg4 67. Kd3 Kh3 68. Kxd4 Kg2 69. Ke3 Kxh1 70. Kf2 1/2-1/2

[Event "Titled Tuesday intern op 16th May Early"]
[Site "Chess.com INT"]
[Date "2023.05.16"]
[Round "3"]
[White "Bharath, Subramaniyam H"]
[Black "Nikologorskiy, Konstantin"]
[Result "1-0"]
[WhiteElo "2517"]
[BlackElo "2413"]
[PlyCount "79"]
[EventDate "2023.05.16"]
[EventType "swiss (blitz)"]
[EventRounds "11"]
[EventCountry "USA"]
[SourceTitle "CBM 214 Extra"]
[Source "ChessBase"]
[SourceDate "2023.07.31"]
[SourceVersion "1"]
[SourceVersionDate "2023.07.31"]
[SourceQuality "1"]

1. c4 e5 2. Nf3 Nc6 3. d4 exd4 4. Nxd4 Bc5 5. Nb3 Bb4+ 6. Bd2 Bxd2+ 7. Qxd2 Nf6 8. Nc3 0-0 9. g3 d6 10. Bg2 Be6 11. Nd5 Re8 12. 0-0 Ne5 13. Rac1 c6 14. Ne3 Qc7 15. Nd4 Rad8 16. Rfd1 Bc8 17. Ndf5 Bxf5 18. Nxf5 Ng6 19. Nxd6 Re6 20. c5 Ne8 21. Nxe8 Rexe8 22. Qc2 h5 23. e3 h4 24. b4 Qe5 25. b5 hxg3 26. hxg3 Rc8 27. bxc6 bxc6 28. Qa4 Re6 29. Qxa7 Qh5 30. Rd6 Rce8 31. Bxc6 R8e7 32. Qa8+ Kh7 33. Bf3 Qh6 34. Rxe6 Rxe6 35. c6 Rxe3 36. c7 Rxf3 37. c8Q Qh5 38. Qe4 Kh6 39. Qcg4 Qc5 40. Rxc5 1-0

[Event "Titled Tuesday intern op 16th May Early"]
[Site "Chess.com INT"]
[Date "2023.05.16"]
[Round "9"]
[White "Mrudul, Dehankar"]
[Black "Nikologorskiy, Konstantin"]
[Result "0-1"]
[WhiteElo "2030"]
[BlackElo "2413"]
[PlyCount "92"]
[EventDate "2023.05.16"]
[EventType "swiss (blitz)"]
[EventRounds "11"]
[EventCountry "USA"]
[SourceTitle "CBM 214 Extra"]
[Source "ChessBase"]
[SourceDate "2023.07.31"]
[SourceVersion "1"]
[SourceVersionDate "2023.07.31"]
[SourceQuality "1"]

1. e4 c5 2. Nf3 d6 3. d4 cxd4 4. Nxd4 Nf6 5. Nc3 a6 6. Bg5 Nbd7 7. f4 Qc7 8. Qf3 h6 9. Bxf6 Nxf6 10. f5 Qc5 11. 0-0-0 g5 12. Kb1 Bg7 13. Be2 Bd7 14. h4 g4 15. Qf4 h5 16. Rhf1 Bh6 17. Qf2 0-0 18. Nd5 Nxe4 19. Nxe7+ Kh8 20. Qe1 Qe5 21. f6 Ng3 22. Rf2 Nxe2 23. Rxe2 Qxf6 24. Rf2 Qe5 25. Re2 Qg7 26. Ndf5 Bxf5 27. Nxf5 Qf6 28. Rxd6 Qxf5 29. Rxh6+ Kg7 30. Re5 Rae8 31. Rxe8 Rxe8 32. Qc1 Re6 33. Rxe6 fxe6 34. Qe3 e5 35. Qc1 e4 36. g3 Kf7 37. b3 Qf3 38. Qg5 Qf1+ 39. Kb2 Qf6+ 40. Qxf6+ Kxf6 41. Kc3 Ke5 42. Kd2 Kd4 43. c3+ Kd5 44. Ke3 b5 45. a3 a5 46. b4 a4 0-1

[Event "Titled Tuesday intern op 16th May Early"]
[Site "Chess.com INT"]
[Date "2023.05.16"]
[Round "5"]
[White "Nikologorskiy, Konstantin"]
[Black "Hayrapetyan, Hovik"]
[Result "1-0"]
[WhiteElo "2413"]
[BlackElo "2442"]
[PlyCount "95"]
[EventDate "2023.05.16"]
[EventType "swiss (blitz)"]
[EventRounds "11"]
[EventCountry "USA"]
[SourceTitle "CBM 214 Extra"]
[Source "ChessBase"]
[SourceDate "2023.07.31"]
[SourceVersion "1"]
[SourceVersionDate "2023.07.31"]
[SourceQuality "1"]

1. d4 Nf6 2. c4 e6 3. Nf3 d5 4. g3 Be7 5. Bg2 0-0 6. 0-0 dxc4 7. Qc2 a6 8. Qxc4 b5 9. Qc2 Bb7 10. Bg5 Nbd7 11. Bxf6 Nxf6 12. Nbd2 Rc8 13. Nb3 Be4 14. Qc1 c5 15. dxc5 Nd7 16. Qf4 Bd5 17. Rfd1 Qc7 18. e4 Bxb3 19. Qxc7 Rxc7 20. axb3 Nxc5 21. Nd4 Bf6 22. Rac1 Rd8 23. e5 Be7 24. b4 Rcd7 25. bxc5 Rxd4 26. Rxd4 Rxd4 27. c6 Bd8 28. c7 Bxc7 29. Rxc7 Rd1+ 30. Bf1 g5 31. Ra7 Ra1 32. Kg2 Ra2 33. Bxb5 Rxb2 34. Bxa6 Ra2 35. Ra8+ Kg7 36. Bb7 Re2 37. Ra5 g4 38. Ra4 h5 39. Re4 Rb2 40. Bc6 Rc2 41. Ba4 Rc5 42. h3 gxh3+ 43. Kxh3 Kg6 44. Bd1 Kg5 45. Rh4 Kg6 46. Bxh5+ Kg7 47. f4 Rc3 48. Bg4 1-0

[Event "Titled Tuesday intern op 16th May Early"]
[Site "Chess.com INT"]
[Date "2023.05.16"]
[Round "4"]
[White "Remizov, Yaroslav"]
[Black "Nikologorskiy, Konstantin"]
[Result "0-1"]
[WhiteElo "2421"]
[BlackElo "2413"]
[PlyCount "84"]
[EventDate "2023.05.16"]
[EventType "swiss (blitz)"]
[EventRounds "11"]
[EventCountry "USA"]
[SourceTitle "CBM 214 Extra"]
[Source "ChessBase"]
[SourceDate "2023.07.31"]
[SourceVersion "1"]
[SourceVersionDate "2023.07.31"]
[SourceQuality "1"]

1. Nc3 d5 2. e4 dxe4 3. Nxe4 Nf6 4. Nxf6+ exf6 5. d4 Bd6 6. Bd3 0-0 7. Ne2 c6 8. 0-0 Qc7 9. Ng3 Be6 10. c3 Nd7 11. Qc2 g6 12. Re1 Rfe8 13. Bd2 f5 14. a4 Nf6 15. a5 h5 16. Nf1 h4 17. h3 Nd5 18. c4 Nb4 19. Bxb4 Bxb4 20. Re2 Bxa5 21. Qa4 b6 22. b4 f4 23. bxa5 f3 24. gxf3 Qf4 25. Qxc6 Rac8 26. Qe4 Qg5+ 27. Kh2 Bxh3 28. Qxe8+ Rxe8 29. Rxe8+ Kg7 30. Kxh3 Qf4 31. Be4 f5 32. axb6 axb6 33. Ra7+ Kf6 34. Rf8+ Kg5 35. Rg7 Kh6 36. Rxg6+ Kxg6 37. Rxf5 Qc1 38. Ne3 Qh1+ 39. Kg4 h3 40. Rh5+ Kf6 41. Rxh3 Qg1+ 42. Kf4 Qg5# 0-1

[Event "Titled Tuesday intern op 16th May Early"]
[Site "Chess.com INT"]
[Date "2023.05.16"]
[Round "7"]
[White "Santos Ruiz, Miguel"]
[Black "Nikologorskiy, Konstantin"]
[Result "1-0"]
[WhiteElo "2590"]
[BlackElo "2413"]
[PlyCount "67"]
[EventDate "2023.05.16"]
[EventType "swiss (blitz)"]
[EventRounds "11"]
[EventCountry "USA"]
[SourceTitle "CBM 214 Extra"]
[Source "ChessBase"]
[SourceDate "2023.07.31"]
[SourceVersion "1"]
[SourceVersionDate "2023.07.31"]
[SourceQuality "1"]

1. e4 c5 2. Nf3 d6 3. d4 cxd4 4. Nxd4 Nf6 5. Nc3 a6 6. a3 e5 7. Nf3 Be7 8. Bg5 0-0 9. Bxf6 Bxf6 10. Bc4 Be6 11. Qd3 Nc6 12. 0-0 Be7 13. Rad1 Rc8 14. Nd5 Bg4 15. c3 Kh8 16. h3 Bh5 17. Ba2 Bg6 18. Rfe1 f5 19. Nxe7 Qxe7 20. Qxd6 Qxd6 21. Rxd6 fxe4 22. Ng5 Rcd8 23. Red1 Rde8 24. Bd5 Rf6 25. Bxe4 Ref8 26. Bxg6 hxg6 27. Ne4 Rf4 28. f3 R8f7 29. Rxg6 Na5 30. Ng5 Rf8 31. Ne6 R8f6 32. Rd8+ Kh7 33. Rxg7+ Kh6 34. Rh8# 1-0

[Event "Titled Tuesday intern op 09th May Early"]
[Site "Chess.com INT"]
[Date "2023.05.09"]
[Round "3"]
[White "Balla, Tamas Kristof"]
[Black "Nikologorskiy, Konstantin"]
[Result "0-1"]
[WhiteElo "2303"]
[BlackElo "2413"]
[PlyCount "92"]
[EventDate "2023.05.09"]
[EventType "swiss (blitz)"]
[EventRounds "11"]
[EventCountry "USA"]
[SourceTitle "CBM 214 Extra"]
[Source "ChessBase"]
[SourceDate "2023.07.31"]
[SourceVersion "1"]
[SourceVersionDate "2023.07.31"]
[SourceQuality "1"]

1. e4 c5 2. Nf3 d6 3. d4 cxd4 4. Qxd4 Nf6 5. h3 Nc6 6. Qe3 e5 7. Be2 Be7 8. 0-0 0-0 9. Rd1 h6 10. c4 Be6 11. b3 Nh7 12. Bb2 Qe8 13. Nc3 f5 14. exf5 Bxf5 15. Nd5 Bd8 16. Nh2 Qg6 17. Bg4 Ng5 18. Nc3 Nd4 19. Nd5 Nc2 20. Bxf5 Qxf5 21. Qe2 Nxa1 22. Bxa1 Ne6 23. Ne3 Qg5 24. Rxd6 Nf4 25. Qg4 Qe7 26. Rd7 Qf6 27. Nd5 Qg6 28. Nxf4 Qxg4 29. Nxg4 Rxf4 30. Bxe5 Rf7 31. Rd3 a5 32. Rg3 Kh7 33. Rd3 a4 34. Ne3 axb3 35. axb3 Bb6 36. Bd4 Bxd4 37. Rxd4 Ra1+ 38. Kh2 Rxf2 39. Ng4 Rb2 40. Rd7 Raa2 41. Ne3 Re2 42. Re7 Rab2 43. Nf5 Rxe7 44. Nxe7 Rxb3 45. Nd5 Rb2 46. c5 Rc2 0-1

[Event "Titled Tuesday intern op 09th May Late"]
[Site "Chess.com INT"]
[Date "2023.05.09"]
[Round "4"]
[White "Chigaev, Maksim"]
[Black "Nikologorskiy, Konstantin"]
[Result "1-0"]
[WhiteElo "2628"]
[BlackElo "2413"]
[PlyCount "57"]
[EventDate "2023.05.09"]
[EventType "swiss (blitz)"]
[EventRounds "11"]
[EventCountry "USA"]
[SourceTitle "CBM 214 Extra"]
[Source "ChessBase"]
[SourceDate "2023.07.31"]
[SourceVersion "1"]
[SourceVersionDate "2023.07.31"]
[SourceQuality "1"]

1. Nf3 d5 2. c4 dxc4 3. e3 Be6 4. Na3 Nf6 5. Nxc4 g6 6. b3 Bg7 7. Bb2 0-0 8. Be2 Nbd7 9. 0-0 c5 10. d4 cxd4 11. Nxd4 Bd5 12. Rc1 Nb6 13. Na5 Rc8 14. Qd2 Ne4 15. Qb4 Qd6 16. Ba3 Qxb4 17. Bxb4 Bf6 18. f3 Nd6 19. Rfd1 Rxc1 20. Rxc1 Bxd4 21. exd4 Nf5 22. Bf1 Rc8 23. Rxc8+ Nxc8 24. Bc3 Ncd6 25. Kf2 Nb5 26. Bxb5 b6 27. Nc4 Bb7 28. Ne3 Nd6 29. Bd3 1-0

[Event "Titled Tuesday intern op 09th May Late"]
[Site "Chess.com INT"]
[Date "2023.05.09"]
[Round "8"]
[White "Nikologorskiy, Konstantin"]
[Black "Balla, Tamas Kristof"]
[Result "1-0"]
[WhiteElo "2413"]
[BlackElo "2303"]
[PlyCount "79"]
[EventDate "2023.05.09"]
[EventType "swiss (blitz)"]
[EventRounds "11"]
[EventCountry "USA"]
[SourceTitle "CBM 214 Extra"]
[Source "ChessBase"]
[SourceDate "2023.07.31"]
[SourceVersion "1"]
[SourceVersionDate "2023.07.31"]
[SourceQuality "1"]

1. d4 Nf6 2. c4 g6 3. Nc3 Bg7 4. Nf3 0-0 5. e4 d6 6. Be2 Nbd7 7. 0-0 e5 8. Be3 Re8 9. d5 Nh5 10. g3 Bf8 11. b4 Ng7 12. a4 a5 13. bxa5 Rxa5 14. Nd2 f5 15. Nb3 Ra8 16. a5 f4 17. gxf4 exf4 18. Bxf4 Qf6 19. Qd2 Ne5 20. Nb5 Qf7 21. Bg3 Bh3 22. Rfe1 Nh5 23. f4 Bh6 24. Bxh5 gxh5 25. Qc3 Ng6 26. f5 Nf8 27. Bxd6 Bg7 28. Qxh3 Bxa1 29. Rxa1 cxd6 30. Nxd6 Qg7+ 31. Qg3 Re7 32. f6 Qxg3+ 33. hxg3 Rd7 34. e5 Ng6 35. Nc5 Nxe5 36. Nxd7 Nxd7 37. Nxb7 Nxf6 38. a6 Nd7 39. a7 Nb6 40. d6 1-0

[Event "Titled Tuesday intern op 09th May Early"]
[Site "Chess.com INT"]
[Date "2023.05.09"]
[Round "4"]
[White "Nikologorskiy, Konstantin"]
[Black "Kollars, Dmitrij"]
[Result "0-1"]
[WhiteElo "2413"]
[BlackElo "2607"]
[PlyCount "32"]
[EventDate "2023.05.09"]
[EventType "swiss (blitz)"]
[EventRounds "11"]
[EventCountry "USA"]
[SourceTitle "CBM 214 Extra"]
[Source "ChessBase"]
[SourceDate "2023.07.31"]
[SourceVersion "1"]
[SourceVersionDate "2023.07.31"]
[SourceQuality "1"]

1. d4 Nf6 2. c4 g6 3. Nc3 Bg7 4. Nf3 0-0 5. e4 d6 6. Be2 e5 7. 0-0 exd4 8. Nxd4 Re8 9. f3 c6 10. Kh1 Nbd7 11. Bg5 Qb6 12. Nb3 a5 13. Na4 Qb4 14. Nc1 Nc5 15. Nxc5 Qxc5 16. Nb3 Qxg5 0-1

[Event "Titled Tuesday intern op 09th May Early"]
[Site "Chess.com INT"]
[Date "2023.05.09"]
[Round "11"]
[White "Yonal, Timur"]
[Black "Nikologorskiy, Konstantin"]
[Result "1-0"]
[WhiteElo "2039"]
[BlackElo "2413"]
[PlyCount "45"]
[EventDate "2023.05.09"]
[EventType "swiss (blitz)"]
[EventRounds "11"]
[EventCountry "USA"]
[SourceTitle "CBM 214 Extra"]
[Source "ChessBase"]
[SourceDate "2023.07.31"]
[SourceVersion "1"]
[SourceVersionDate "2023.07.31"]
[SourceQuality "1"]

1. e4 c5 2. Nf3 d6 3. Bb5+ Bd7 4. Bxd7+ Nxd7 5. 0-0 Ngf6 6. Re1 g6 7. c3 Bg7 8. d4 0-0 9. h3 d5 10. e5 Ne4 11. Nbd2 f5 12. Nxe4 fxe4 13. Ng5 Rf5 14. Qb3 Qb6 15. Qxd5+ Kh8 16. Qxd7 cxd4 17. cxd4 Raf8 18. Ne6 R8f7 19. Qc8+ Bf8 20. Bh6 Rxf2 21. Bxf8 h5 22. Bg7+ Kh7 23. Qh8# 1-0

[Event "Titled Tuesday intern op 02nd May Early"]
[Site "Chess.com INT"]
[Date "2023.05.02"]
[Round "5"]
[White "Nikologorskiy, Konstantin"]
[Black "Terry, Renato"]
[Result "0-1"]
[WhiteElo "2413"]
[BlackElo "2520"]
[PlyCount "78"]
[EventDate "2023.05.02"]
[EventType "swiss (blitz)"]
[EventRounds "11"]
[EventCountry "USA"]
[SourceTitle "EXT 2024"]
[Source "ChessBase"]
[SourceDate "2023.10.10"]
[SourceVersion "1"]
[SourceVersionDate "2023.10.10"]
[SourceQuality "1"]

1. d4 e6 2. c4 Bb4+ 3. Bd2 Qe7 4. Nf3 Nf6 5. g3 0-0 6. Nc3 d6 7. Bg2 e5 8. Nd5 Nxd5 9. cxd5 Bxd2+ 10. Nxd2 f5 11. dxe5 dxe5 12. 0-0 e4 13. Nc4 Rd8 14. Qb3 Na6 15. Ne3 Qd6 16. Rac1 Qb6 17. Qc3 Bd7 18. a3 Rac8 19. b4 c5 20. dxc6 Rxc6 21. Qe5 Qc7 22. Qb2 Rc8 23. Rcd1 Be6 24. h4 Nb8 25. h5 Nd7 26. h6 Qe5 27. Qd2 gxh6 28. f3 Qxg3 29. fxe4 fxe4 30. Nd5 Bh3 31. Rf2 Re8 32. Ne3 Nf6 33. Rdf1 Rd6 34. Qa2+ Be6 35. Nd1 Bxa2 36. Rxf6 Rxf6 37. Rxf6 Rd8 38. Ne3 Qxe3+ 39. Kh2 Qd4 0-1

[Event "Titled Tuesday intern op 25th Apr Early"]
[Site "Chess.com INT"]
[Date "2023.04.25"]
[Round "5"]
[White "Movahed, Sina"]
[Black "Nikologorskiy, Konstantin"]
[Result "1/2-1/2"]
[WhiteElo "2340"]
[BlackElo "2413"]
[PlyCount "128"]
[EventDate "2023.04.25"]
[EventType "swiss (blitz)"]
[EventRounds "11"]
[EventCountry "USA"]
[SourceTitle "EXT 2024"]
[Source "ChessBase"]
[SourceDate "2023.10.10"]
[SourceVersion "1"]
[SourceVersionDate "2023.10.10"]
[SourceQuality "1"]

1. Nf3 d5 2. g3 c6 3. Bg2 Nf6 4. 0-0 Bf5 5. d3 h6 6. Nbd2 e6 7. Qe1 Bh7 8. e4 Be7 9. Qe2 0-0 10. Re1 a5 11. a4 Na6 12. e5 Nd7 13. Nb3 Nb4 14. Rd1 b5 15. c3 Na6 16. Nbd4 Qb6 17. Be3 Bc5 18. h4 Rab8 19. axb5 cxb5 20. Qd2 Qc7 21. Bf4 a4 22. b3 Bxd4 23. Nxd4 Nac5 24. Bf1 Nxb3 25. Nxb3 axb3 26. Qb2 Nc5 27. Ra3 b4 28. cxb4 Rxb4 29. Rc1 Qe7 30. Bd2 Rb7 31. d4 Ne4 32. Be1 Rfb8 33. f3 Qxa3 34. Qxa3 b2 35. fxe4 bxc1Q 36. Qxc1 Bxe4 37. Qf4 h5 38. Be2 Bg6 39. Kf2 Rb1 40. Bd2 R8b2 41. Qg5 Rc2 42. g4 Rbb2 43. gxh5 Rxd2 44. hxg6 Rxe2+ 45. Kf1 Rf2+ 46. Ke1 Rbe2+ 47. Kd1 Rd2+ 48. Kc1 Rc2+ 49. Kd1 Rfd2+ 50. Ke1 Re2+ 51. Kd1 Rcd2+ 52. Kc1 fxg6 53. Qxg6 Rc2+ 54. Kd1 Rcd2+ 55. Kc1 Rc2+ 56. Kd1 Red2+ 57. Ke1 Re2+ 58. Kf1 Rf2+ 59. Ke1 Rce2+ 60. Kd1 Rd2+ 61. Kc1 Rc2+ 62. Kd1 Rcd2+ 63. Ke1 Rde2+ 64. Kd1 Rd2+ 1/2-1/2

[Event "Titled Tuesday intern op 25th Apr Early"]
[Site "Chess.com INT"]
[Date "2023.04.25"]
[Round "11"]
[White "Namitbir, Singh Walia"]
[Black "Nikologorskiy, Konstantin"]
[Result "1-0"]
[WhiteElo "2364"]
[BlackElo "2413"]
[PlyCount "77"]
[EventDate "2023.04.25"]
[EventType "swiss (blitz)"]
[EventRounds "11"]
[EventCountry "USA"]
[SourceTitle "EXT 2024"]
[Source "ChessBase"]
[SourceDate "2023.10.10"]
[SourceVersion "1"]
[SourceVersionDate "2023.10.10"]
[SourceQuality "1"]

1. e4 c5 2. Nf3 d6 3. d4 cxd4 4. Nxd4 Nf6 5. f3 e5 6. Nb3 Be6 7. c4 Nbd7 8. Be3 Be7 9. Nc3 0-0 10. Be2 g6 11. Nd5 Bxd5 12. cxd5 Nh5 13. 0-0 f5 14. Qd2 f4 15. Bf2 Bh4 16. Bb5 Bxf2+ 17. Qxf2 Nb6 18. Rfc1 Kh8 19. Rc2 Rc8 20. Rac1 Rg8 21. Na5 Qe7 22. Nc4 Nxc4 23. Bxc4 g5 24. Qxa7 g4 25. fxg4 Rxg4 26. Be2 Rxc2 27. Rxc2 Rg8 28. Bxh5 f3 29. Bxf3 Qf6 30. Qe3 Qg7 31. g3 Qe7 32. Kg2 Qf6 33. a4 Qd8 34. b4 Qa8 35. a5 Qd8 36. Rc3 Qd7 37. Be2 Rg6 38. Qc1 Rg8 39. b5 1-0

[Event "Titled Tuesday intern op 25th Apr Early"]
[Site "Chess.com INT"]
[Date "2023.04.25"]
[Round "2"]
[White "Nikologorskiy, Konstantin"]
[Black "Moussard, Jules"]
[Result "0-1"]
[WhiteElo "2413"]
[BlackElo "2667"]
[PlyCount "95"]
[EventDate "2023.04.25"]
[EventType "swiss (blitz)"]
[EventRounds "11"]
[EventCountry "USA"]
[SourceTitle "EXT 2024"]
[Source "ChessBase"]
[SourceDate "2023.10.10"]
[SourceVersion "1"]
[SourceVersionDate "2023.10.10"]
[SourceQuality "1"]

1. d4 d6 2. c4 e5 3. Nf3 e4 4. Ng5 f5 5. Nc3 Nf6 6. g3 h6 7. Nh3 g5 8. Bg2 Bg7 9. 0-0 0-0 10. b3 c6 11. Ba3 Re8 12. d5 c5 13. Bb2 Nbd7 14. f4 Ng4 15. Qc1 Ne3 16. Re1 Bd4 17. Nd1 Nc2+ 18. Bxd4 Nxe1 19. Bb2 Nxg2 20. Kxg2 g4 21. Nhf2 Kf7 22. Ne3 Nf6 23. Qc3 Rg8 24. Rh1 Rg6 25. h3 gxh3+ 26. Rxh3 Bd7 27. Qe1 Qe7 28. Qh1 Rag8 29. Qh2 Qf8 30. Nh1 a6 31. Kf2 b5 32. Bc3 b4 33. Bb2 a5 34. Bxf6 Rxf6 35. Rh5 Ke8 36. Qh3 Kd8 37. Kg2 Kc7 38. Nf2 Rgg6 39. Qh1 Qg7 40. Rh3 Rf8 41. Qa1 Qxa1 42. Nh1 Rfg8 43. Kf2 Qxa2 44. Nf1 Qxb3 45. Ne3 a4 46. Nf1 a3 47. Ne3 a2 48. Nf1 0-1

[Event "Titled Tuesday intern op 25th Apr Early"]
[Site "Chess.com INT"]
[Date "2023.04.25"]
[Round "6"]
[White "Nikologorskiy, Konstantin"]
[Black "Tari, Aryan"]
[Result "0-1"]
[WhiteElo "2413"]
[BlackElo "2640"]
[PlyCount "58"]
[EventDate "2023.04.25"]
[EventType "swiss (blitz)"]
[EventRounds "11"]
[EventCountry "USA"]
[SourceTitle "EXT 2024"]
[Source "ChessBase"]
[SourceDate "2023.10.10"]
[SourceVersion "1"]
[SourceVersionDate "2023.10.10"]
[SourceQuality "1"]

1. d4 Nf6 2. c4 e6 3. Nf3 d5 4. g3 h6 5. Bg2 Bd6 6. 0-0 0-0 7. Nc3 Nc6 8. b3 dxc4 9. bxc4 e5 10. d5 Na5 11. Nd2 b6 12. Bb2 Ba6 13. Nb5 Re8 14. a4 Bb4 15. Rc1 Bxd2 16. Qxd2 Nb3 17. Qc2 Nxc1 18. Rxc1 Qd7 19. h4 Bb7 20. Nc3 c6 21. Rd1 cxd5 22. Nxd5 Nxd5 23. Bxd5 Bxd5 24. Rxd5 Qc7 25. Qe4 Rac8 26. Bxe5 Qxc4 27. Rd4 Qe6 28. f4 f6 29. Rd6 Qxd6 0-1